Linear algebra and partial differential equations / (Record no. 157945)

MARC details
000 -LEADER
fixed length control field 00680nam a22002057a 4500
005 - DATE AND TIME OF LATEST TRANSACTION
control field 20181011144606.0
010 ## - LCCN (DPL NO)
LC control number ENG-124239
020 ## - INTERNATIONAL STANDARD BOOK NUMBER
International Standard Book Number 9789353062514
Terms of availability 529.00
035 ## - SYSTEM CONTROL NUMBER
System control number EN-107771
037 ## - SOURCE OF ACQUISITION
Source of stock number/acquisition DBAD/PUB
082 ## - DEWEY DECIMAL CLASSIFICATION NUMBER
Classification number 512.5
100 ## - MAIN ENTRY--PERSONAL NAME
Personal name Sivaramakrishna Das P.
245 ## - TITLE STATEMENT
Title Linear algebra and partial differential equations /
Statement of responsibility, etc by P. Sivaramakrishna Das [and] C. Vijayakumari
260 ## - PUBLICATION, DISTRIBUTION, ETC. (IMPRINT)
Place of publication, distribution, etc Noida
Name of publisher, distributor, etc Pearson
Date of publication, distribution, etc 2018
270 ## - ADDRESS
Address 15th Floor, Tower B, Worls Trade Tower, Plot No.1, Block -C
City Noida (UP)
Postal code 201301
300 ## - PHYSICAL DESCRIPTION
Extent various paging
Dimensions 25cm.(pbk)
500 ## - GENERAL NOTE
General note It includes index
700 ## - ADDED ENTRY--PERSONAL NAME
Personal name Vijayakumari C.
942 ## - ADDED ENTRY ELEMENTS (KOHA)
Source of classification or shelving scheme Dewey Decimal Classification
Item type English Books
Classification part 512.5
Call number suffix SIV
Holdings
Withdrawn status Lost status Not for loan Collection code Home library Current library Date acquired Source of acquisition Cost, normal purchase price Full call number Barcode Copy number Cost, replacement price Koha item type
    Not For Loan Non-fiction D.B.Act.Division Patel Nagar 11/10/2018 DBAD/PUB 529.00 512.5 SIV EN-107771 1 529.00 English Books

© Delhi Public Library
Hit Counter
free hit counter